000 00668nam a2200181Ia 4500
008 090124s9999 xx 000 0 und d
082 _b113376
100 _aगडकरी राम गणेश (गोविंदाग्रज)
245 _a वेड्यांचा बाजार
250 _a0
260 _c1970
300 _a92
600 _aगडकरी राम गणेश (गोविंदाग्रज)
630 _a वेड्यांचा बाजार
700 _aगडकरी राम गणेश (गोविंदाग्रज)
730 _a वेड्यांचा बाजार
942 _cBOOK
999 _c159467
_d159467